International Property Measurement Standards (Record no. 115245)

MARC details
000 -LEADER
fixed length control field 01510cad a22003015a 4500
001 - CONTROL NUMBER
control field 115245
008 - FIXED-LENGTH DATA ELEMENTS--GENERAL INFORMATION
fixed length control field 140115s2014 xxk f 000 0 eng d
020 ## - INTERNATIONAL STANDARD BOOK NUMBER
International Standard Book Number 9781783210626
035 ## - SYSTEM CONTROL NUMBER
System control number (Sirsi) u158284
041 0# - LANGUAGE CODE
Language code of text/sound track or separate title eng
050 04 - LIBRARY OF CONGRESS CALL NUMBER
Classification number 692.3 $2 18
110 2# - MAIN ENTRY--CORPORATE NAME
Corporate name or jurisdiction name as entry element International Property Measurement Standards Coaliton
9 (RLIN) 6145
240 ## - UNIFORM TITLE
Uniform title IPMS
245 00 - TITLE STATEMENT
Title International Property Measurement Standards
Remainder of title Office Buildings
Medium [electronic resource]
260 ## - PUBLICATION, DISTRIBUTION, ETC.
Place of publication, distribution, etc. London,
Name of publisher, distributor, etc. International Property Measurement Standards Coalition,
Date of publication, distribution, etc. 2014
300 ## - PHYSICAL DESCRIPTION
Extent 26p
490 ## - SERIES STATEMENT
Series statement International Property Measurement Standards
520 ## - SUMMARY, ETC.
Summary, etc. IPMS for Office Buildings has been drafted by the independent Standards Setting Committee and establishes a consistent methodology for measuring office buildings around the world. The aim of the Coalition is to enable buildings to be measured, and the resulting calculated areas to be provided, on a transparent basis. IPMS will promote market efficiency through greater confidence between investors and occupiers by providing consistent property measurements for transactions and valuations.
590 ## - LOCAL NOTE (RLIN)
Local note KA
650 24 - SUBJECT ADDED ENTRY--TOPICAL TERM
Topical term or geographic name entry element International Property Measurement Standards
651 #4 - SUBJECT ADDED ENTRY--GEOGRAPHIC NAME
Geographic name International
690 ## - LOCAL SUBJECT ADDED ENTRY--TOPICAL TERM (OCLC, RLIN)
Topical term or geographic name as entry element Measurement
9 (RLIN) 6256
700 1# - ADDED ENTRY--PERSONAL NAME
Personal name Creighton, Kenneth
700 1# - ADDED ENTRY--PERSONAL NAME
Personal name Pirlot, Jean-Yves
700 1# - ADDED ENTRY--PERSONAL NAME
Personal name Prats, Lisa
856 40 - ELECTRONIC LOCATION AND ACCESS
Uniform Resource Identifier <a href="https://ipmsc.org/wp-content/uploads/2014/11/ipms-office-buildings-november-20141.pdf">https://ipmsc.org/wp-content/uploads/2014/11/ipms-office-buildings-november-20141.pdf</a>
Public note Available on IPMSC archive
942 ## - ADDED ENTRY ELEMENTS (KOHA)
Suppress in OPAC 0
Source of classification or shelving scheme Dewey Decimal Classification
Holdings
Withdrawn status Lost status Source of classification or shelving scheme Damaged status Not for loan Home library Current library Shelving location Date acquired Total Checkouts Full call number Barcode Date last seen Copy number Price effective from Koha item type
    Dewey Decimal Classification     Virtual Virtual Online 24/11/2014   ONLINE PUBLICATION 158284-2001 12/06/2025 1 06/08/2019 Online material